| 000 | 01616nam#a2200445#a#4500 | ||
|---|---|---|---|
| 001 | 014069 | ||
| 003 | AR-BeUNQ | ||
| 005 | 20250227174948.0 | ||
| 007 | ta | ||
| 008 | 000511s1998 mx ad f 001 0 spa d | ||
| 020 | _a9684443072 | ||
| 040 |
_aAR-BeUNQ _bspa _cAR-BeUNQ _eaacr |
||
| 041 |
_aspa _heng |
||
| 082 | 0 | 4 |
_a616.079 _221 |
| 099 | _a22-A14 | ||
| 110 | 2 | _aAmerican Chemical Society | |
| 245 | 1 | 0 |
_aQuimCom : _bquímica en la comunidad / _cAmerican Chemical Society : veresión en español de Héctor Escalona ; con la colaboración técnica de Gerardo Ferrer Sueta ; adaptaciones de Bárbara Loeb L. y Manuel Martínez M. |
| 246 | 1 | _aQuímica en la comunidad | |
| 250 | _a2a. ed. | ||
| 260 |
_aNaucalpan de Juárez : _bAddison-Wesley Longman, _c1998 |
||
| 300 |
_a571 p. : _bil., gráficos ; _c28 cm. |
||
| 500 | _aTraducción de: Chem com: chemistry in the community, c1993. | ||
| 500 | _aIncluye índice. | ||
| 650 | 7 |
_aQuímica _2spines |
|
| 650 | 7 |
_aAGUA _2spines |
|
| 650 | 7 |
_aContaminación del agua _2spines |
|
| 650 | 7 |
_aPetroleo _2spines |
|
| 650 | 7 |
_aQuímica nuclear _2spines |
|
| 650 | 7 |
_aSalud _2spines |
|
| 650 | 7 |
_aIndustria química _2spines |
|
| 653 | _aRecursos químicos | ||
| 700 | 1 |
_aEscalona, Héctor _etr. |
|
| 700 | 1 | _aFerrer Sueta, Gerardo | |
| 700 | 1 | _aLoeb L., Bárbara | |
| 700 | 1 | _aMartínez M., Manuel | |
| 929 |
_aCOMPRA _bPrometeo _cExp. 827-0504/99 _d22,90 _e20000318 _j27916 _h1 |
||
| 929 |
_aCOMPRA _bPrometeo _cExp. 827-0504/99 _d22,90 _e20000318 _j27917 _h2 |
||
| 929 |
_aCOMPRA _bPrometeo _cExp. 827-0504/99 _d22,90 _e20000318 _j27918 _h3 |
||
| 942 |
_cLIB _n0 |
||
| 999 |
_c1186 _d1186 |
||